[Event "NOR ch"]
[Site "Fredrikstad"]
[Date "2003.07.07"]
[Round "4"]
[White "Lie, Kjetil A"]
[Black "Bae, Torstein"]
[Result "1-0"]
[WhiteElo "2477"]
[BlackElo "2350"]
[PlyCount "87"]
[EventDate "2003.07.??"]

1. c4 g6 2. g3 Bg7 3. Bg2 e5 4. Nc3 f5 5. d3 d6 6. e4 c6 7. Nge2 Nf6 8. exf5
gxf5 9. O-O O-O 10. d4 a5 11. a3 Nbd7 12. d5 c5 13. f4 e4 14. Rb1 Nb6 15. b3
Bd7 16. Qc2 Qe8 17. Nd1 Nc8 18. Ne3 b5 19. cxb5 Bxb5 20. Nxf5 Bd3 21. Qa2 Nxd5
22. Nxg7 Kxg7 23. Re1 Nf6 24. Bb2 d5 25. Rbd1 Nb6 26. g4 Kg8 27. Ng3 Qg6 28.
Nf5 Rae8 29. h3 Nh5 30. Be5 Rxf5 31. gxf5 Qxf5 32. Qf2 Rc8 33. Qh4 Rf8 34. Kh1
Nxf4 35. Qg3+ Ng6 36. Bd6 Rc8 37. h4 Rc6 38. Bh3 Qf6 39. Rxd3 Qxd6 40. Qxd6
Rxd6 41. Rxe4 Kf7 42. Rf3+ Kg7 43. Re6 Rxe6 44. Bxe6 1-0

[Event "NOR ch"]
[Site "Fredrikstad"]
[Date "2003.07.07"]
[Round "4"]
[White "Ostenstad, Berge"]
[Black "Hansen, Torbjorn R"]
[Result "1/2-1/2"]
[WhiteElo "2487"]
[BlackElo "2308"]
[PlyCount "82"]
[EventDate "2003.07.??"]

1. d4 Nf6 2. Nf3 e6 3. c4 Bb4+ 4. Nbd2 b6 5. a3 Bxd2+ 6. Qxd2 Bb7 7. e3 d6 8.
Be2 Nbd7 9. O-O O-O 10. b4 Ne4 11. Qd3 f5 12. Nd2 Qh4 13. f3 Ng5 14. g3 Qh3 15.
Bb2 Nf6 16. d5 Rae8 17. Bxf6 Rxf6 18. f4 Nf7 19. Bf3 Rh6 20. Rf2 e5 21. Qc2 Re7
22. Nf1 Rf6 23. a4 g5 24. a5 Qh6 25. Bg2 Nh8 26. axb6 axb6 27. Ra7 exf4 28.
exf4 Bc8 29. fxg5 Qxg5 30. c5 bxc5 31. bxc5 Rf8 32. Ra8 Ree8 33. Re2 Rxe2 34.
Qxe2 Qf6 35. cxd6 Qxd6 36. Nd2 Qc5+ 37. Kh1 Nf7 38. h4 Nd6 39. Kh2 Qc3 40. Nf1
f4 41. gxf4 Qf6 1/2-1/2

[Event "NOR ch"]
[Site "Fredrikstad"]
[Date "2003.07.07"]
[Round "4"]
[White "Gabrielsen, Stig"]
[Black "Nordahl, Helge A"]
[Result "1/2-1/2"]
[WhiteElo "2248"]
[BlackElo "2325"]
[PlyCount "118"]
[EventDate "2003.07.??"]

1. e4 c5 2. Nf3 d6 3. d4 cxd4 4. Nxd4 Nf6 5. Nc3 a6 6. Bc4 e6 7. Bb3 b5 8. O-O
Be7 9. Qf3 Qc7 10. Qg3 Nc6 11. Nxc6 Qxc6 12. Re1 Bb7 13. a3 O-O 14. Bh6 Ne8 15.
Rad1 Kh8 16. Bf4 Rd8 17. Rd3 Nf6 18. Bg5 Nh5 19. Qh4 Bxg5 20. Qxg5 Nf6 21. Rg3
Rg8 22. Rh3 Qc5 23. Qd2 Rd7 24. Rd3 Rgd8 25. Ba2 a5 26. Bb3 Bc6 27. Qf4 b4 28.
axb4 Qxb4 29. Qd2 Qb6 30. Rd4 h6 31. h3 Qb7 32. f3 Qb6 33. Kh1 Nh5 34. Ra1 e5
35. Rc4 Nf4 36. Rxc6 Qxc6 37. Ba4 Qb7 38. Bxd7 Rxd7 39. b3 Qb4 40. Ra4 Qb6 41.
Rc4 d5 42. Nxd5 Qb5 43. Rc8+ Kh7 44. c4 Qb7 45. Rc5 a4 46. bxa4 Qb1+ 47. Kh2
Qf1 48. Rb5 Ne2 49. Qe3 Qe1 50. f4 exf4 51. Nxf4 Rd2 52. e5 Qf1 53. Nxe2 Rxe2
54. Qg1 Qf4+ 55. Kh1 Qe4 56. Rb1 Re3 57. Kh2 Qxe5+ 58. Kh1 Qe4 59. Kh2 Qe5+
1/2-1/2

[Event "NOR ch"]
[Site "Fredrikstad"]
[Date "2003.07.07"]
[Round "4"]
[White "Christenson, Flemming"]
[Black "Djurhuus, Rune"]
[Result "1/2-1/2"]
[WhiteElo "2272"]
[BlackElo "2541"]
[PlyCount "170"]
[EventDate "2003.07.??"]

1. d4 Nf6 2. Nf3 g6 3. c4 Bg7 4. Nc3 O-O 5. e4 d6 6. Be2 e5 7. O-O Nbd7 8. Be3
a5 9. h3 exd4 10. Nxd4 Re8 11. f3 Nh5 12. Qd2 Ng3 13. Rfe1 Nxe2+ 14. Rxe2 c6
15. Rd1 a4 16. b3 axb3 17. axb3 Qa5 18. Qc1 Qb4 19. Ra2 Rxa2 20. Nxa2 Qa5 21.
Nc3 Nc5 22. Qc2 f5 23. Bf2 fxe4 24. Nxe4 Nxe4 25. fxe4 Qh5 26. Bg3 Qg5 27. Kh2
Be5 28. Ne2 Rf8 29. Qd2 Qh5 30. Kg1 Rf6 31. Rf1 Rxf1+ 32. Kxf1 Bxg3 33. Nxg3
Qe5 34. Ne2 Be6 35. Qd3 d5 36. exd5 cxd5 37. c5 Kf7 38. b4 Bf5 39. Qd4 Kf6 40.
Kf2 g5 41. Qxe5+ Kxe5 42. Ke3 Be4 43. g3 Bg2 44. h4 gxh4 45. gxh4 d4+ 46. Nxd4
Kd5 47. Kd3 Bh3 48. Nb3 b6 49. cxb6 Kc6 50. Nd4+ Kxb6 51. Ke4 h5 52. Kf4 Bg4
53. Kg5 Bd1 54. Kf5 Bg4+ 55. Ke4 Bh3 56. Kd3 Bf1+ 57. Kc3 Bh3 58. Kb3 Bg4 59.
Kc4 Bh3 60. Nc2 Bf1+ 61. Kb3 Bh3 62. Na3 Be6+ 63. Ka4 Bd7+ 64. Kb3 Be6+ 65. Kc3
Bh3 66. Kd4 Bf1 67. Nb1 Kb5 68. Kc3 Bh3 69. Nd2 Be6 70. Ne4 Bg4 71. Nd6+ Kc6
72. Nf7 Kb5 73. Ne5 Be6 74. Nf3 Bh3 75. Nd4+ Kb6 76. Kd2 Bg4 77. Ke1 Bh3 78.
Kf2 Bg4 79. Kg3 Bd1 80. Kf4 Bg4 81. Kg5 Bd1 82. Kf4 Bg4 83. Kg5 Bd1 84. Kh6 Ka6
85. Kg5 Kb6 1/2-1/2

[Event "NOR ch"]
[Site "Fredrikstad"]
[Date "2003.07.08"]
[Round "5"]
[White "Kristensen, Bjarke"]
[Black "Ostenstad, Berge"]
[Result "0-1"]
[WhiteElo "2370"]
[BlackElo "2487"]
[PlyCount "106"]
[EventDate "2003.07.??"]

1. c4 e6 2. Nf3 Nf6 3. g3 d5 4. b3 c5 5. Bg2 Nc6 6. O-O Be7 7. Bb2 d4 8. d3 O-O
9. Nbd2 e5 10. a3 Re8 11. Ne1 Bg4 12. Nc2 Qd7 13. Re1 h5 14. b4 cxb4 15. axb4
Nxb4 16. Nxb4 Bxb4 17. Ba3 Bc3 18. Rb1 Rab8 19. Bb4 Bh3 20. Bh1 b5 21. cxb5 Nd5
22. Bxc3 Nxc3 23. Bc6 Qc7 24. Qc2 Nxb1 25. Rxb1 Bd7 26. Rc1 Bxc6 27. bxc6 Rb6
28. Qa4 Re6 29. Ra1 Rbxc6 30. Qxa7 Rc1+ 31. Kg2 Qc6+ 32. Nf3 Rxa1 33. Qxa1 Re8
34. h4 Qc2 35. Kf1 f6 36. Ne1 Qc6 37. Nf3 Qd5 38. Qa7 Rd8 39. Qe7 Qd7 40. Qxd7
Rxd7 41. Nd2 Kf7 42. Ne4 Ra7 43. f3 Ke6 44. Kf2 Ra2 45. Kf1 Kd5 46. Kf2 Ra1 47.
Kg2 Ra2 48. Kf2 f5 49. Ng5 f4 50. g4 Ra1 51. Nh3 Ra6 52. Ng5 Rh6 53. Nf7 hxg4
0-1

[Event "NOR ch"]
[Site "Fredrikstad"]
[Date "2003.07.08"]
[Round "5"]
[White "Trygstad, Kristian D"]
[Black "Ekeberg, Carl F"]
[Result "1-0"]
[WhiteElo "2338"]
[BlackElo "2240"]
[PlyCount "111"]
[EventDate "2003.07.??"]

1. e4 c5 2. Nf3 Nc6 3. d4 cxd4 4. Nxd4 Nf6 5. Nc3 e5 6. Ndb5 d6 7. Bg5 a6 8.
Na3 b5 9. Bxf6 gxf6 10. Nd5 Bg7 11. Bd3 Ne7 12. Nxe7 Qxe7 13. O-O O-O 14. c4 f5
15. Qf3 Re8 16. Rfe1 Rb8 17. exf5 bxc4 18. Nxc4 d5 19. Qxd5 Bb7 20. Qd6 Qh4 21.
Re3 Red8 22. Qa3 e4 23. Bf1 Qf4 24. Rg3 Kh8 25. Re1 Bd5 26. Qe3 Qxf5 27. Rg5
Qe6 28. b3 f5 29. Qh3 Bxc4 30. Bxc4 Qb6 31. Rh5 h6 32. Rxf5 Rf8 33. Rf1 Rxf5
34. Qxf5 e3 35. fxe3 Qxe3+ 36. Qf2 Qe4 37. Qe2 Qd4+ 38. Kh1 a5 39. Rd1 Qf4 40.
Qf1 Qh4 41. Qe1 Qf4 42. Qf1 Qh4 43. g3 Qg5 44. Qf4 Qxf4 45. gxf4 Rf8 46. Rf1
Bc3 47. Kg2 Bb4 48. Kf3 Bd6 49. Ke4 Kg7 50. h3 Kg6 51. Rg1+ Kh5 52. f5 Be7 53.
Rg4 Bg5 54. Ke5 Re8+ 55. Kd6 Rf8 56. Be2 1-0

[Event "NOR ch"]
[Site "Fredrikstad"]
[Date "2003.07.08"]
[Round "5"]
[White "Hansen, Torbjorn R"]
[Black "Christenson, Flemming"]
[Result "1/2-1/2"]
[WhiteElo "2308"]
[BlackElo "2272"]
[PlyCount "79"]
[EventDate "2003.07.??"]

1. Nf3 g6 2. c4 Bg7 3. Nc3 d6 4. g3 e5 5. Bg2 Nc6 6. O-O Nge7 7. Rb1 a5 8. a3
Be6 9. d3 h6 10. b4 axb4 11. axb4 Qd7 12. b5 Nd8 13. e4 O-O 14. Nd5 Nxd5 15.
cxd5 Bg4 16. Qb3 b6 17. Nd2 Nb7 18. Ba3 h5 19. Nc4 Na5 20. Nxa5 Rxa5 21. Bb4
Ra7 22. Qc4 Rfa8 23. Bc3 Ra4 24. Ra1 Rxc4 25. Rxa8+ Kh7 26. dxc4 Be2 27. Rc1 h4
28. Bd2 h3 29. Bh1 Qg4 30. Ra3 Qh5 31. Rac3 f5 32. Re1 fxe4 33. Bxe4 Bg4 34. f3
Bd7 35. Ra3 Bh6 36. Bxh6 Qxh6 37. Ree3 Bf5 38. Kf2 Bxe4 39. fxe4 Qh5 40. Rf3
1/2-1/2

[Event "NOR ch"]
[Site "Fredrikstad"]
[Date "2003.07.08"]
[Round "5"]
[White "Djurhuus, Rune"]
[Black "Fyllingen, Roy H"]
[Result "1/2-1/2"]
[WhiteElo "2541"]
[BlackElo "2336"]
[PlyCount "81"]
[EventDate "2003.07.??"]

1. e4 e5 2. Nf3 Nc6 3. Bb5 a6 4. Ba4 d6 5. O-O Bg4 6. c3 Qf6 7. h3 Bxf3 8. Qxf3
Qxf3 9. gxf3 Nge7 10. d3 Ng6 11. Be3 Be7 12. d4 b5 13. Bb3 Na5 14. Bc2 c5 15.
dxc5 dxc5 16. Rd1 O-O 17. Nd2 Rfc8 18. Bd3 h6 19. Be2 c4 20. b3 cxb3 21. axb3
Nb7 22. Rdc1 Bg5 23. b4 Nd6 24. c4 Nf4 25. Bf1 Nxc4 26. Nxc4 bxc4 27. Rxc4
Nxh3+ 28. Kh2 Bxe3 29. fxe3 Ng5 30. Kg3 Rcb8 31. Ra5 f6 32. Rc7 Rxb4 33. Bc4+
Kh7 34. Bd5 Rab8 35. Rxa6 Kg6 36. Raa7 Rb1 37. Rxg7+ Kh5 38. f4 R8b2 39. fxg5
Rg1+ 40. Kh3 Rh1+ 41. Kg3 1/2-1/2

[Event "NOR ch"]
[Site "Fredrikstad"]
[Date "2003.07.08"]
[Round "5"]
[White "Dannevig, Oystein"]
[Black "Johannessen, Leif Erlend"]
[Result "1-0"]
[WhiteElo "2335"]
[BlackElo "2489"]
[PlyCount "71"]
[EventDate "2003.07.??"]

1. e4 e5 2. Nf3 Nc6 3. Bb5 a6 4. Ba4 b5 5. Bb3 Na5 6. O-O d6 7. d4 Nxb3 8. axb3
f6 9. c4 b4 10. Nh4 Qd7 11. d5 Ne7 12. Nd2 c5 13. dxc6 Nxc6 14. Nf5 g6 15. Ne3
Bg7 16. Nd5 Qb7 17. c5 dxc5 18. Nc4 O-O 19. Be3 Nd4 20. Ra5 Qa7 21. Ncb6 Rb8
22. Nxc8 Rfxc8 23. Qd3 Ra8 24. Rfa1 Qb7 25. Qc4 Kh8 26. Rxa6 f5 27. Rxa8 Rxa8
28. Rxa8+ Qxa8 29. h3 Qf8 30. Bg5 Ne6 31. Be7 Qc8 32. Nxb4 fxe4 33. Nd5 Qc6 34.
b4 Qa4 35. Bxc5 Qa1+ 36. Kh2 1-0

[Event "NOR ch"]
[Site "Fredrikstad"]
[Date "2003.07.08"]
[Round "5"]
[White "Nordahl, Helge A"]
[Black "Lie, Espen"]
[Result "0-1"]
[WhiteElo "2325"]
[BlackElo "2311"]
[PlyCount "62"]
[EventDate "2003.07.??"]

1. d4 Nf6 2. c4 c5 3. d5 e6 4. Nc3 exd5 5. cxd5 d6 6. e4 g6 7. f4 Bg7 8. Nf3
O-O 9. Be2 Nbd7 10. e5 dxe5 11. fxe5 Ng4 12. e6 Nde5 13. Ne4 fxe6 14. d6 Qb6
15. O-O Bd7 16. Qb3 Nxf3+ 17. Bxf3 Bd4+ 18. Kh1 Qxb3 19. axb3 Bc6 20. Bg5 Ne3
21. Rfc1 Rf5 22. Bxe3 Bxe3 23. Rd1 a6 24. b4 cxb4 25. Rd3 Bb6 26. Rad1 Raf8 27.
h4 Rf4 28. Ng5 Rxh4+ 29. Nh3 Rxh3+ 30. gxh3 Bxf3+ 31. Rxf3 Rxf3 0-1

[Event "NOR ch"]
[Site "Fredrikstad"]
[Date "2003.07.08"]
[Round "5"]
[White "Hole, Oystein"]
[Black "Gabrielsen, Stig"]
[Result "1-0"]
[WhiteElo "2310"]
[BlackElo "2248"]
[PlyCount "67"]
[EventDate "2003.07.??"]

1. Nf3 c5 2. c4 Nc6 3. d4 cxd4 4. Nxd4 g6 5. e4 Bg7 6. Be3 Nf6 7. Nc3 O-O 8.
Be2 b6 9. O-O Bb7 10. f3 Qb8 11. Qd2 Rd8 12. Rab1 d6 13. Rfc1 Rd7 14. b4 Qf8
15. Nxc6 Bxc6 16. b5 Bb7 17. a4 e6 18. a5 d5 19. cxd5 exd5 20. e5 Nh5 21. a6
Bc8 22. Qd4 f6 23. Nxd5 Rd8 24. Qc4 Kh8 25. Nc7 Bf5 26. Nxa8 Bxb1 27. Rxb1 Rxa8
28. g4 Rc8 29. Qb3 fxe5 30. gxh5 e4 31. Rc1 Re8 32. fxe4 Rxe4 33. h6 Bf6 34.
Qd3 1-0

[Event "NOR ch"]
[Site "Fredrikstad"]
[Date "2003.07.08"]
[Round "5"]
[White "Lahlum, Hans Olav"]
[Black "Moen, Andreas G R"]
[Result "1/2-1/2"]
[WhiteElo "2244"]
[BlackElo "2202"]
[PlyCount "39"]
[EventDate "2003.07.??"]

1. d4 f5 2. Bg5 c6 3. c3 Qb6 4. Qc2 d6 5. Nd2 h6 6. Be3 Qc7 7. f3 Nf6 8. Bf2 e5
9. e3 g6 10. Bd3 Bg7 11. Ne2 O-O 12. O-O-O e4 13. Bc4+ d5 14. Bb3 b5 15. Bg3
Qe7 16. Nf4 Kh7 17. h4 Nh5 18. Nxh5 gxh5 19. Nf1 Be6 20. Qe2 1/2-1/2

[Event "NOR ch"]
[Site "Fredrikstad"]
[Date "2003.07.08"]
[Round "5"]
[White "Hersvik, Daniel"]
[Black "Bae, Torstein"]
[Result "0-1"]
[WhiteElo "2274"]
[BlackElo "2350"]
[PlyCount "42"]
[EventDate "2003.07.??"]

1. e4 c6 2. d4 d5 3. e5 Bf5 4. Nf3 e6 5. Be2 Nd7 6. O-O Ne7 7. b4 Ng6 8. Bd2 h5
9. a4 f6 10. exf6 Qxf6 11. c4 Bd6 12. Bg5 Qf7 13. c5 Bf4 14. Bxf4 Nxf4 15. Qd2
Bg4 16. Bd1 O-O 17. Ra3 Qf6 18. h3 Bxh3 19. Ne1 Bg4 20. Bxg4 hxg4 21. Rg3 Qxd4
0-1

[Event "NOR ch"]
[Site "Fredrikstad"]
[Date "2003.07.09"]
[Round "6"]
[White "Djurhuus, Rune"]
[Black "Kristensen, Bjarke"]
[Result "1-0"]
[WhiteElo "2541"]
[BlackElo "2370"]
[PlyCount "45"]
[EventDate "2003.07.??"]

1. e4 c5 2. Nf3 d6 3. d4 cxd4 4. Nxd4 Nf6 5. Nc3 a6 6. Be2 e5 7. Nb3 Be7 8. O-O
O-O 9. Kh1 b5 10. a4 Bb7 11. axb5 axb5 12. Rxa8 Bxa8 13. Bxb5 Nxe4 14. Nd5 Bh4
15. Be3 Nd7 16. Bxd7 Qxd7 17. f3 Nf6 18. Nb6 Qf5 19. c4 Nh5 20. Nxa8 Ng3+ 21.
hxg3 Bxg3 22. f4 exf4 23. Bxf4 1-0

[Event "NOR ch"]
[Site "Fredrikstad"]
[Date "2003.07.09"]
[Round "6"]
[White "Ostenstad, Berge"]
[Black "Trygstad, Kristian D"]
[Result "1/2-1/2"]
[WhiteElo "2487"]
[BlackElo "2338"]
[PlyCount "86"]
[EventDate "2003.07.??"]

1. d4 Nf6 2. Nf3 g6 3. c4 Bg7 4. Nc3 O-O 5. e4 d6 6. Be2 e5 7. O-O Na6 8. Re1
c6 9. Bf1 exd4 10. Nxd4 Ng4 11. h3 Qb6 12. hxg4 Qxd4 13. Qe2 Qe5 14. Be3 Qe7
15. Rad1 Re8 16. f3 Nc5 17. Qd2 Be5 18. Bf2 Ne6 19. g3 g5 20. Bg2 Qf6 21. Rf1
b6 22. Rc1 Bb7 23. b4 h6 24. b5 cxb5 25. cxb5 Rad8 26. Rfd1 Rd7 27. Nd5 Bxd5
28. Qxd5 Nc5 29. Qc6 Rde7 30. Rc4 Qg6 31. Bf1 h5 32. gxh5 Qxh5 33. Bg2 Re6 34.
Rd5 Kg7 35. Kf1 Qh8 36. Bd4 f6 37. Bxe5 dxe5 38. Rd6 Qf8 39. Rxe6 Rxe6 40. Qc7+
Re7 41. Qd6 Rd7 42. Qxf8+ Kxf8 43. Ke2 Rd8 1/2-1/2

[Event "NOR ch"]
[Site "Fredrikstad"]
[Date "2003.07.09"]
[Round "6"]
[White "Gabrielsen, Stig"]
[Black "Lahlum, Hans Olav"]
[Result "1/2-1/2"]
[WhiteElo "2248"]
[BlackElo "2244"]
[PlyCount "89"]
[EventDate "2003.07.??"]

1. c4 e6 2. Nf3 d5 3. g3 Nf6 4. Bg2 Be7 5. O-O O-O 6. d4 dxc4 7. Qa4 Bd7 8.
Qxc4 Bc6 9. Bg5 Nbd7 10. Nc3 h6 11. Bf4 Nb6 12. Qd3 Nbd5 13. Nxd5 Bxd5 14. Be5
c5 15. Rfc1 c4 16. Qc2 b5 17. Bxf6 Bxf6 18. e4 Bb7 19. Rd1 Qb6 20. Rd2 Rfd8 21.
Rad1 Rac8 22. Ne5 Bxe5 23. dxe5 Qa5 24. Rd6 Rxd6 25. exd6 Qxa2 26. e5 Bxg2 27.
Kxg2 Qa6 28. Qe4 Rd8 29. h4 Qc8 30. f3 Qa8 31. Qe3 Qb7 32. g4 Qb6 33. Rd4 Qc6
34. h5 Qc5 35. Qf4 f6 36. exf6 e5 37. Qf5 Qxd4 38. Qe6+ Kh7 39. Qf5+ Kg8 40.
Qe6+ Kh7 41. Qe7 Rg8 42. f7 Qd2+ 43. Kh3 Qe2 44. fxg8=Q+ Kxg8 45. Qe6+ 1/2-1/2

[Event "NOR ch"]
[Site "Fredrikstad"]
[Date "2003.07.09"]
[Round "6"]
[White "Hansen, Torbjorn R"]
[Black "Dannevig, Oystein"]
[Result "1-0"]
[WhiteElo "2308"]
[BlackElo "2335"]
[PlyCount "67"]
[EventDate "2003.07.??"]

1. e4 c5 2. Nf3 d6 3. d4 cxd4 4. Nxd4 Nf6 5. Nc3 g6 6. Be3 Bg7 7. f3 O-O 8. Qd2
Nc6 9. O-O-O d5 10. exd5 Nxd5 11. Nxc6 bxc6 12. Nxd5 cxd5 13. Qxd5 Qc7 14. Qc5
Qb8 15. Qa3 Be6 16. Ba6 Qe5 17. g3 Rfd8 18. Rhe1 Qf6 19. Bf4 Rd4 20. Be5 Rxd1+
21. Kxd1 Qg5 22. Bxg7 Kxg7 23. Qc3+ Kg8 24. Qe5 Qh6 25. h4 Bxa2 26. Qxe7 Bd5
27. Qf6 Qf8 28. Kc1 Qc5 29. h5 Qf2 30. Qe5 gxh5 31. Rf1 Qc5 32. Rd1 Qb6 33.
Qxd5 Rb8 34. Qe5 1-0

[Event "NOR ch"]
[Site "Fredrikstad"]
[Date "2003.07.09"]
[Round "6"]
[White "Christenson, Flemming"]
[Black "Fyllingen, Roy H"]
[Result "1/2-1/2"]
[WhiteElo "2272"]
[BlackElo "2336"]
[PlyCount "83"]
[EventDate "2003.07.??"]

1. d4 Nf6 2. Nf3 e6 3. e3 c5 4. Bd3 Nc6 5. O-O a6 6. c4 d5 7. cxd5 exd5 8. dxc5
Bxc5 9. a3 Bg4 10. b4 Bd6 11. Bb2 O-O 12. h3 Bh5 13. Nbd2 Re8 14. Qb1 Bg6 15.
Bxg6 hxg6 16. Rd1 a5 17. b5 Na7 18. a4 Nc8 19. Qd3 Nb6 20. Qd4 Rc8 21. Rac1
Rxc1 22. Rxc1 Bb4 23. Bc3 Qc7 24. Nb3 Ba3 25. Bb2 Bxb2 26. Rxc7 Bxd4 27. Nfxd4
Nxa4 28. Rxb7 Ra8 29. Nc6 Ne4 30. Ra7 Rxa7 31. Nxa7 Nd6 32. Nxa5 Kf8 33. Nb3
Ke8 34. Nd4 Kd7 35. Nac6 Nc3 36. Ne5+ Ke8 37. b6 Nb7 38. f4 Na4 39. Kf2 Nxb6
40. Kf3 Nd6 41. g4 Na4 42. h4 1/2-1/2

[Event "NOR ch"]
[Site "Fredrikstad"]
[Date "2003.07.10"]
[Round "7"]
[White "Lahlum, Hans Olav"]
[Black "Hole, Oystein"]
[Result "1/2-1/2"]
[WhiteElo "2244"]
[BlackElo "2310"]
[PlyCount "23"]
[EventDate "2003.07.??"]

1. d4 d5 2. c4 c6 3. Nc3 Nf6 4. e3 a6 5. Nf3 b5 6. b3 Bg4 7. Be2 e6 8. O-O Nbd7
9. h3 Bh5 10. Bb2 Bd6 11. Ne5 Bxe2 12. Nxe2 1/2-1/2

[Event "NOR ch"]
[Site "Fredrikstad"]
[Date "2003.07.10"]
[Round "7"]
[White "Moen, Andreas G R"]
[Black "Nordahl, Helge A"]
[Result "1/2-1/2"]
[WhiteElo "2202"]
[BlackElo "2325"]
[PlyCount "32"]
[EventDate "2003.07.??"]

1. d4 e6 2. c4 f5 3. g3 Nf6 4. Bg2 Bb4+ 5. Nd2 a5 6. Ngf3 b6 7. Ne5 Ra7 8. O-O
O-O 9. Ndf3 Be7 10. b3 Bb7 11. Bb2 Ne4 12. Nd2 Nxd2 13. Qxd2 Bxg2 14. Kxg2 d6
15. Nd3 Nd7 16. f3 Bg5 1/2-1/2

[Event "NOR ch"]
[Site "Fredrikstad"]
[Date "2003.07.10"]
[Round "7"]
[White "Ostenstad, Berge"]
[Black "Djurhuus, Rune"]
[Result "0-1"]
[WhiteElo "2487"]
[BlackElo "2541"]
[PlyCount "44"]
[EventDate "2003.07.??"]

1. d4 Nf6 2. Nf3 g6 3. c4 c5 4. Nc3 cxd4 5. Nxd4 Nc6 6. e4 Bg7 7. Be3 Ng4 8.
Qxg4 Nxd4 9. Qd1 Ne6 10. Rc1 Qa5 11. Bd3 b6 12. O-O Bb7 13. a3 g5 14. f3 Qe5
15. Rf2 h5 16. b4 Rc8 17. h4 f5 18. exf5 Qxe3 19. fxe6 O-O 20. Rcc2 dxe6 21.
Qd2 Bd4 22. Kh1 Rf4 0-1

[Event "NOR ch"]
[Site "Fredrikstad"]
[Date "2003.07.10"]
[Round "7"]
[White "Fyllingen, Roy H"]
[Black "Dannevig, Oystein"]
[Result "0-1"]
[WhiteElo "2336"]
[BlackElo "2335"]
[PlyCount "94"]
[EventDate "2003.07.??"]

1. d4 Nf6 2. c4 c5 3. e3 g6 4. Nc3 Bg7 5. Nf3 O-O 6. Bd3 cxd4 7. exd4 d5 8. h3
Nc6 9. O-O Nb4 10. Be2 dxc4 11. Bxc4 Nbd5 12. Re1 Be6 13. Qb3 Nxc3 14. Bxe6
Nce4 15. Bc4 Nd6 16. Bd3 e6 17. Bf4 Nd5 18. Be5 Bh6 19. Rad1 a5 20. Nh2 Re8 21.
Ng4 Bg5 22. Bb1 h5 23. Nh2 a4 24. Qd3 a3 25. Re2 b5 26. Bxd6 Qxd6 27. g3 axb2
28. Rxb2 b4 29. Nf3 Bf6 30. Re1 Ra3 31. Rb3 Rxb3 32. axb3 Nc3 33. Bc2 Rd8 34.
Qe3 Bxd4 35. Qg5 Qd5 36. Qf4 Kg7 37. Kg2 e5 38. Qg5 Rd6 39. Qh4 Rf6 40. Be4
Qxb3 41. Bb7 Qc2 42. g4 Rf4 43. Nxd4 exd4 44. Qg3 Qd2 45. Re8 b3 46. gxh5 b2
47. hxg6 Qxf2+ 0-1

[Event "NOR ch"]
[Site "Fredrikstad"]
[Date "2003.07.10"]
[Round "7"]
[White "Kristensen, Bjarke"]
[Black "Lie, Espen"]
[Result "1-0"]
[WhiteElo "2370"]
[BlackElo "2311"]
[PlyCount "81"]
[EventDate "2003.07.??"]

1. d4 Nf6 2. Nf3 e6 3. g3 c5 4. c3 Nc6 5. Bg2 d5 6. O-O Be7 7. Ne5 O-O 8. f4
Qc7 9. e3 b6 10. Nd2 Bb7 11. Rf2 Nd7 12. Nxd7 Qxd7 13. b3 f6 14. Bb2 e5 15.
dxe5 fxe5 16. Nc4 Rad8 17. Rd2 d4 18. fxe5 b5 19. cxd4 bxc4 20. d5 Bg5 21. Re2
Qf5 22. e4 Qg4 23. bxc4 Nd4 24. Bxd4 cxd4 25. e6 Rde8 26. Qd3 Be3+ 27. Rxe3
dxe3 28. Qxe3 Ba6 29. c5 Qh5 30. e5 Qf5 31. c6 Rb8 32. h3 Rb2 33. e7 Rfb8 34.
d6 Qc2 35. Qf3 Qc5+ 36. Kh2 Qxe5 37. Rf1 Bxf1 38. Qxf1 R2b6 39. c7 Re8 40. d7
Rxe7 41. Qc4+ 1-0

[Event "NOR ch"]
[Site "Fredrikstad"]
[Date "2003.07.10"]
[Round "7"]
[White "Johannessen, Leif Erlend"]
[Black "Christenson, Flemming"]
[Result "1-0"]
[WhiteElo "2489"]
[BlackElo "2272"]
[PlyCount "57"]
[EventDate "2003.07.??"]

1. Nf3 d5 2. d4 Nf6 3. c4 dxc4 4. e3 e6 5. Bxc4 c5 6. O-O a6 7. a4 Nc6 8. Qe2
cxd4 9. Rd1 Be7 10. exd4 O-O 11. Nc3 Nd5 12. Bb3 Ncb4 13. Ne4 b6 14. h4 Bb7 15.
h5 h6 16. Ne5 Rc8 17. Bd2 Nc2 18. Bxh6 gxh6 19. Bxc2 f5 20. Nc3 Nxc3 21. bxc3
Qd5 22. f3 Rxc3 23. Ng6 Rf7 24. Bb1 Rc1 25. Rxc1 Qxd4+ 26. Kh1 Qxa1 27. Qxe6
Qa3 28. Rc7 Bxf3 29. Nxe7+ 1-0

[Event "NOR ch"]
[Site "Fredrikstad"]
[Date "2003.07.10"]
[Round "7"]
[White "Ekeberg, Carl F"]
[Black "Bae, Torstein"]
[Result "1-0"]
[WhiteElo "2240"]
[BlackElo "2350"]
[PlyCount "65"]
[EventDate "2003.07.??"]

1. Nf3 e6 2. c4 f5 3. g3 Nf6 4. Bg2 Be7 5. O-O O-O 6. Nc3 d6 7. d4 Ne4 8. Qc2
Nxc3 9. Qxc3 Bf6 10. c5 Nc6 11. cxd6 cxd6 12. b4 Qb6 13. Rb1 Nxd4 14. Nxd4 Bxd4
15. Qd3 d5 16. a4 Be5 17. a5 Qd8 18. Bd2 Qe7 19. Rfc1 Bd7 20. b5 Bd6 21. Be3
Rfb8 22. Bd4 Bb4 23. Bxg7 Bxa5 24. Bd4 Bb6 25. Bxb6 axb6 26. Qe3 Qd6 27. Qg5+
Kh8 28. Qf6+ Kg8 29. Bxd5 Rf8 30. Qg5+ Kh8 31. Bxb7 Ra2 32. Rd1 Qc7 33. Qe7 1-0

[Event "NOR ch"]
[Site "Fredrikstad"]
[Date "2003.07.10"]
[Round "7"]
[White "Trygstad, Kristian D"]
[Black "Lie, Kjetil A"]
[Result "0-1"]
[WhiteElo "2338"]
[BlackElo "2477"]
[PlyCount "210"]
[EventDate "2003.07.??"]

1. e4 c5 2. Nf3 d6 3. d4 cxd4 4. Nxd4 Nf6 5. Nc3 e6 6. g4 Nc6 7. g5 Nd7 8. Be3
Nb6 9. f4 Na5 10. f5 Nac4 11. fxe6 fxe6 12. Qf3 Be7 13. O-O-O a6 14. h4 Rf8 15.
Qe2 Bd7 16. Bh3 Qc8 17. Rhf1 Rxf1 18. Rxf1 Qc5 19. Qh5+ g6 20. Qxh7 O-O-O 21.
Qxe7 Qb4 22. Nd1 Nxe3 23. Nxe6 Re8 24. Rf8 Kb8 25. Rxe8+ Ka7 26. Rf8 Nbc4 27.
c3 Qa4 28. Nxe3 Nxe3 29. Kd2 Nc4+ 30. Ke2 Qc2+ 31. Kf3 Qh2 32. Nf4 Ne5+ 33. Ke3
Qg3+ 34. Kd2 Nc4+ 35. Ke2 Qe3+ 36. Kf1 Bxh3+ 37. Nxh3 Qxh3+ 38. Kf2 Qe3+ 39.
Kf1 Qh3+ 40. Ke2 Qe3+ 41. Kf1 Nd2+ 42. Kg2 Qe2+ 43. Kg1 Qg4+ 44. Kh2 Qxh4+ 45.
Kg2 Qg4+ 46. Kh2 Nxe4 47. Qf7 Qe2+ 48. Kg1 Qe3+ 49. Kh2 Qd2+ 50. Kh1 Qc1+ 51.
Kh2 Qxb2+ 52. Kg1 Qc1+ 53. Kh2 Qd2+ 54. Kh1 Qe1+ 55. Kg2 Qe2+ 56. Kg1 Qg4+ 57.
Kf1 Qd1+ 58. Kg2 Qe2+ 59. Kg1 Qe3+ 60. Kf1 Nd2+ 61. Kg2 Qxg5+ 62. Kh2 Ne4 63.
c4 Qd2+ 64. Kg1 Qc1+ 65. Kg2 Qb2+ 66. Kg1 Qa1+ 67. Qf1 Qxa2 68. Re8 Qc2 69. Qf3
Qc1+ 70. Kg2 Qd2+ 71. Kh1 Nc5 72. Qf8 Qd1+ 73. Kg2 Qg4+ 74. Kh2 Qh4+ 75. Kg2
Qg5+ 76. Kh2 Qd2+ 77. Kh1 Kb6 78. Rc8 Qd1+ 79. Kg2 Qg4+ 80. Kh2 Qh4+ 81. Kg2
Qg5+ 82. Kh2 Ne4 83. Qf3 Qh5+ 84. Kg2 Qxf3+ 85. Kxf3 Nf6 86. Ke3 g5 87. Kd4 g4
88. Rf8 Nd7 89. Rg8 Kc6 90. Rc8+ Kb6 91. Rg8 Kc7 92. Rxg4 Ne5 93. Rg8 Nc6+ 94.
Ke4 Kb6 95. Rg7 Nb4 96. Kd4 a5 97. Rg6 Kc7 98. c5 Nc6+ 99. Ke4 dxc5 100. Rg7+
Kb6 101. Kd5 a4 102. Rg1 a3 103. Ra1 a2 104. Kc4 Nb4 105. Rc1 Nc2 0-1

[Event "NOR ch"]
[Site "Fredrikstad"]
[Date "2003.07.11"]
[Round "8"]
[White "Hole, Oystein"]
[Black "Ekeberg, Carl F"]
[Result "1/2-1/2"]
[WhiteElo "2310"]
[BlackElo "2240"]
[PlyCount "38"]
[EventDate "2003.07.??"]

1. Nf3 c5 2. c4 b6 3. g3 Bb7 4. Bg2 Nf6 5. Nc3 e6 6. O-O Be7 7. Re1 d6 8. e4 a6
9. d4 cxd4 10. Nxd4 Qc7 11. Be3 O-O 12. Rc1 Nbd7 13. f4 h5 14. h3 Rfe8 15. b3
Bf8 16. Bf2 g6 17. Nf3 Bg7 18. Qd2 Rad8 19. Ng5 Nc5 1/2-1/2

[Event "NOR ch"]
[Site "Fredrikstad"]
[Date "2003.07.11"]
[Round "8"]
[White "Lie, Espen"]
[Black "Bae, Torstein"]
[Result "1-0"]
[WhiteElo "2311"]
[BlackElo "2350"]
[PlyCount "59"]
[EventDate "2003.07.??"]

1. c4 e5 2. g3 d6 3. Bg2 f5 4. Nc3 Nf6 5. d3 Be7 6. e4 Nc6 7. Nge2 O-O 8. O-O
Qe8 9. Nd5 Bd8 10. f3 Ne7 11. Nxe7+ Bxe7 12. Be3 Qg6 13. Qb3 h5 14. exf5 Bxf5
15. d4 b6 16. c5+ Kh7 17. Rac1 Rac8 18. dxe5 dxe5 19. Rfd1 Rfd8 20. cxb6 cxb6
21. Rxd8 Rxd8 22. Bf2 Rd2 23. Qe3 Rd5 24. Nc3 Bc5 25. Qe1 Bxf2+ 26. Kxf2 Rd8
27. Qxe5 Rd2+ 28. Kg1 Rxb2 29. Nd5 Rb5 30. Nxf6+ 1-0